000 00906nmm a2200277 a 4500
001 ocm0001916971
003 TR-IsHL
005 20201028173009.0
008 180722s2017 tu tur
007 cr cn
020 _a9786052015841
035 _a1916971
_b(N$T)
050 0 4 _aPL248.K3735
_bY38 2017
090 0 4 _aPL248.K3735
_bY38 2017
100 1 _aKarakoyunlu, Mesut
245 1 0 _aYaşadıklarıma ve yaşanmışlıklara tanıklık
_h[electronic resource] /
_cMesut Karakoyunlu
250 _aBirinci basım
260 _aİstanbul :
_bBaşlık Yayınları,
_c2017
300 _a218 p.
650 4 _aDil ve Edebiyat
650 4 _aLanguage and Literature
650 0 _aTürk denemeleri
650 0 _aTurkish essays
650 7 _aLITERARY COLLECTIONS / Middle Eastern
_2bisacsh
856 4 0 _uhttp://search.ebscohost.com/login.aspx?direct=true&scope=site&db=e011xww&AN=1916971
999 _c17480
_d17480